日本の都市人口順100 - Statistics

General Stats
  • This quiz has been taken 21,089 times
  • The average score is 69 of 100
Answer Stats
人口順位 都市名 % Correct
2 横浜
98%
3 大阪
98%
5 札幌
98%
1 東京23区
98%
4 名古屋
97%
6 福岡
96%
9 京都
95%
11 広島
95%
12 仙台
95%
7 神戸
94%
10 さいたま
94%
13 千葉
94%
17 新潟
92%
8 川崎
91%
21 静岡
91%
18 熊本
90%
20 岡山
89%
24 鹿児島
88%
27 宇都宮
88%
37 金沢
88%
14 北九州
87%
16 浜松
87%
76 青森
87%
43 長崎
86%
71 秋田
86%
53 長野
85%
78 福島
85%
80 水戸
84%
28 松山
83%
40 高松
83%
45 岐阜
83%
63 前橋
83%
74 盛岡
83%
15
82%
44 富山
82%
77
82%
19 相模原
81%
25 八王子
81%
62 大津
81%
93 山形
81%
56 和歌山
80%
57 奈良
80%
84 福井
80%
47 宮崎
79%
65 高知
79%
34 大分
78%
55 高崎
78%
88 函館
75%
90 徳島
75%
22 船橋
74%
67 那覇
74%
26 姫路
72%
64 旭川
72%
66 郡山
71%
96 松本
69%
41 豊田
68%
52 豊橋
68%
68 いわき
67%
85 下関
66%
23 川口
65%
42
65%
69 四日市
63%
33 倉敷
61%
29 松戸
60%
30 市川
60%
31 東大阪
60%
35 福山
58%
58 川越
58%
36 尼崎
57%
97 つくば
57%
38 藤沢
56%
39 町田
56%
49 横須賀
55%
50 岡崎
54%
81 長岡
54%
32 西宮
53%
59 高槻
52%
73 明石
51%
72 久留米
49%
91 佐世保
48%
51 一宮
47%
61 所沢
47%
54 吹田
45%
60 越谷
44%
99 春日部
44%
46 豊中
41%
87 平塚
41%
89 富士
40%
48 枚方
38%
75 茨木
38%
79 市原
38%
86 府中(東京)
38%
94 茅ヶ崎
37%
98 調布
37%
100 宝塚
35%
83 加古川
33%
70 春日井
31%
95 大和
29%
92 草加
28%
82 八尾
26%
No matching quizzes found
Score Distribution
Percent of People with Each Score
Percentile by Number Answered
Your Score History
You have not taken this quiz